Viimeiset 15 Mestarien liiga voittajaa - Statistics

Yleistilastot
  • Tätä visaa on pelattu 126 kertaa
  • Keskiarvotulos 12 / 15
Vastaustilastot
Hint Vastaus % Oikein
2021-22 Real Madrid
100%
2017-18 Real Madrid
100%
2016-17 Real Madrid
100%
2015-16 Real Madrid
100%
2013-14 Real Madrid
100%
2014-15 Barcelona
94%
2010-11 Barcelona
94%
2008-09 Barcelona
94%
2018-19 Liverpool
93%
2020-21 Chelsea
87%
2011-12 Chelsea
87%
2007-08 Manchester United
62%
2009-10 Inter Milan
36%
2019-20 Bayern Munich
31%
2012-13 Bayern Munich
31%
Ehtoja vastaavia visoja ei löytynyt
Tulosjakauma
Jokaisen tuloksen saaneiden osuus
Persentiili vastausten määrän mukaan
Tuloshistoriasi
Et ole pelannut tätä visaa